El aprendizaje significativo y su incorporación a la docencia superior (Record no. 67266)

MARC details
000 -CABECERA
campo de control de longitud fija 00437nam a2200157 a 4500
005 - FECHA Y HORA DE LA ÚLTIMA TRANSACCIÓN
campo de control 20210219153044.0
008 - ELEMENTOS DE LONGITUD FIJA--INFORMACIÓN GENERAL
campo de control de longitud fija 991125n 000 0 spa u
035 ## - NÚMERO DE CONTROL DEL SISTEMA
Número de control de sistema UPN01000075010
100 ## - ASIENTO PRINCIPAL--NOMBRE PERSONAL
Nombre de persona Ahumada Acevedo, Pedro
222 ## - TÍTULO CLAVE
Título clave PERSPECTIVA EDUCACIONAL
245 ## - MENCIÓN DE TÍTULO
Título El aprendizaje significativo y su incorporación a la docencia superior
300 ## - DESCRIPCIÓN FÍSICA
Extensión 11-22
362 ## - FECHAS DE PUBLICACIÓN Y/O DESIGNACIÓN SECUENCIAL
Fecha de publicación y/o designación secuencial 1997 No. 29
904 ## - ELEMENTOS DE DATOS D LOCAL, LDD (RLIN)
a AC
b 012821
905 ## - TIPO DE MATERIAL
Tipo de material Articulo

No items available.